Spotreba vybraných komodít a formy jej zdanenia v Slovenskej republike diplomová práca

Guardado en:
Detalles Bibliográficos
Autor principal: Danková, Nikola
Autor Corporativo: Národohospodárska fakulta EU. Katedra financií
Otros Autores: Válek, Juraj, 1981-
Formato: Libro
Lenguaje:eslovaco
Publicado: Bratislava 2022
Etiquetas: Agregar Etiqueta
Sin Etiquetas, Sea el primero en etiquetar este registro!

MARC

LEADER 00000nbm a2200000 4500
001 0284025
005 20221025133249.3
041 0 |a slo 
044 |a SK 
245 1 0 |a Spotreba vybraných komodít a formy jej zdanenia v Slovenskej republike  |b diplomová práca  |c Nikola Danková ; školiteľ: Juraj Válek 
264 1 |a Bratislava  |c 2022 
300 |a 80 s. 
100 1 |a Danková, Nikola 
700 1 |a Válek, Juraj, 1981- 
710 2 |a Národohospodárska fakulta EU. Katedra financií